Professional criminals of America / (Record no. 152905)

MARC details
000 -LEADER
campo de control de longitud fija 00560nam a2200181 i 4500
001 - NÚMERO DE CONTROL
campo de control 152905
003 - IDENTIFICADOR DE NÚMERO DE CONTROL
campo de control ES-MaACL
005 - FECHA Y HORA DE LA ÚLTIMA TRANSACCIÓN
campo de control 20230906204924.0
008 - DATOS DE LONGITUD FIJA--INFORMACIÓN GENERAL
campo de control de longitud fija 051019s1886 xxuac |||| |deng d
040 ## - FUENTE DE CATALOGACIÓN
Centro catalogador/agencia de origen CAM
Lengua de catalogación spa
Centro/agencia transcriptor CAM
080 ## - NÚMERO DE LA CLASIFICACIÓN DECIMAL UNIVERSAL
Número de la Clasificación Decimal Universal 343.97(73)
100 1# - ENTRADA PRINCIPAL--NOMBRE DE PERSONA
Nombre de persona Byrnes, Thomas.
9 (RLIN) 33025
245 10 - MENCIÓN DEL TÍTULO
Título Professional criminals of America /
Mención de responsabilidad, etc. by Thomas Byrnes.
260 ## - PUBLICACIÓN, DISTRIBUCIÓN, ETC.
Lugar de publicación, distribución, etc. New York :
Nombre del editor, distribuidor, etc. Cassell & Company,
Fecha de publicación, distribución, etc. 1886.
300 ## - DESCRIPCIÓN FÍSICA
Extensión [10], 433 p., lám. ;
Dimensiones 29 cm.
650 #4 - PUNTO DE ACCESO ADICIONAL DE MATERIA--TÉRMINO DE MATERIA
Término de materia o nombre geográfico como elemento de entrada Crimen y criminales-
Subdivisión geográfica Estados Unidos.
9 (RLIN) 11418
852 ## - LOCALIZACIÓN
Ubicación ES-MaACL
Número de control de estantería G-5792
Nota libre - Enc. hol.
Holdings
Estatus retirado Estado de pérdida Estado de daño No para préstamo Colección Biblioteca de origen Biblioteca actual Ubicación en estantería Fecha de adquisición Fuente de adquisición Total de préstamos Signatura topográfica completa Código de barras Visto por última vez Precio de reemplazo Tipo de ítem Koha
        Libros del s. XIX Biblioteca del Ateneo de Madrid Biblioteca del Ateneo de Madrid Depósito 2 17/01/2008     G-5792 1159707 23/02/2023 23/02/2023 Libro impreso antiguo